|
|
|
|
| LEADER |
02154nam a2200445 a 4500 |
| 001 |
000666039 |
| 003 |
CZ BrMZK |
| 005 |
20100618092417.0 |
| 007 |
ta |
| 008 |
030411s2003 xr e p 000 0 cze d |
| 015 |
|
|
|a cnb001245927
|
| 020 |
|
|
|a 80-246-0616-X
|
| 035 |
|
|
|a (OCoLC)53260636
|
| 040 |
|
|
|a PNA001
|b cze
|d BOA001
|
| 072 |
|
7 |
|a 519
|x Kombinatorika. Teorie grafů. Matematická statistika. Operační výzkum. Matematické modelování
|2 Konspekt
|9 13
|
| 072 |
|
7 |
|a 37.016
|x Učební osnovy. Vyučovací předměty. Učebnice
|2 Konspekt
|9 22
|
| 080 |
|
|
|a 519.83
|2 MRF
|
| 080 |
|
|
|a 519.816
|2 MRF
|
| 080 |
|
|
|a (075.8)
|2 MRF
|
| 100 |
1 |
|
|a Mareš, Milan,
|d 1943-2011
|7 jo20010092647
|4 aut
|
| 245 |
1 |
0 |
|a Principy strategického chování /
|c Milan Mareš
|
| 250 |
|
|
|a 1. vyd.
|
| 260 |
|
|
|a Praha :
|b Karolinum,
|c 2003
|
| 300 |
|
|
|a iv, 120 s. ;
|c 29 cm
|
| 490 |
1 |
|
|a Učební texty Univerzity Karlovy v Praze
|
| 500 |
|
|
|a 300 výt.
|
| 500 |
|
|
|a Vydavatel: Univerzita Karlova
|
| 504 |
|
|
|a Obsahuje bibliografii a rejstřík
|
| 520 |
|
|
|a Přístupnou formou vysvětluje teoretickou podstatu a praktickou aplikaci dvou významných a v řídící praxi použitelných přístupů - metody rozhodovací analýzy a metody větveného rozhodování. Poukazuje i na možnosti kombinovatdílčípostupy a programy uvedených metod s dalšími známými metodami a technikami při řešení problémů řízení.
|
| 521 |
|
|
|a Učební text pro posluchače Fakulty sociálních věd UK
|
| 650 |
0 |
7 |
|a teorie rozhodování
|7 ph126572
|2 czenas
|
| 650 |
0 |
7 |
|a teorie her
|7 ph126557
|2 czenas
|
| 655 |
|
7 |
|a učebnice vysokých škol
|7 fd133772
|2 czenas
|
| 710 |
2 |
|
|a Univerzita Karlova
|7 kn20010710036
|
| 830 |
|
0 |
|a Učební texty Univerzity Karlovy v Praze
|
| 856 |
4 |
1 |
|u http://www.digitalniknihovna.cz/mzk/uuid/uuid:1d6d4950-a8b3-11e2-8b87-005056827e51
|y Digitalizovaný dokument
|x NDK
|
| 910 |
|
|
|a BOA001
|b 3-1116.622
|
| 990 |
|
|
|a BK
|
| 996 |
6 |
|
|b 2610186185
|c 3-1116.622
|l MZK
|r Sklad / do 1 hodiny
|n 1
|p p.v.
|w 000666039
|u 000010
|a 1
|e BOA001
|j MZK50
|s P
|
| 996 |
7 |
|
|b 2610187673
|c 3-1116.622
|l MZK
|r Sklad / do 1 hodiny
|n 21
|p kup
|w 000666039
|u 000020
|a 1
|e BOA001
|j MZK50
|s A
|